000 01406nmc a2200505 a 4500
003 AR-BaBNM
005 20251128211230.0
008 223020s1994 ||||||||||||||000 | spa||
020 _a950-02-8434-0
040 _cAR-BaBNM
245 1 0 _aCómo se escribe un poema
_blenguas extranjeras
260 _aBuenos Aires
_bEl Ateneo
_c1994
300 1 _aviii, 193 p.
490 0 _aEl taller del escritor
650 4 _aANALISIS LITERARIO
650 4 _aPOESIA
650 4 _aLITERATURA ESTADOUNIDENSE
650 4 _aLITERATURA FRANCESA
650 4 _aLITERATURA INGLESA
650 4 _aLITERATURA ITALIANA
650 4 _aLITERATURA ALEMANA
653 0 _aLITERATURA CHECA
655 _aLITERATURA
700 1 _aRusso, Edgardo
_ecompilador
700 1 _aFreidemberg, Daniel
_ecompilador
700 1 _aPoe, Edgar Allan
700 1 _aBaudelaire, Charles Pierre
700 1 _aRimbaud, Jean Arthur
700 1 _aYeats, William Butler
700 1 _aRilke, Rainer María
700 1 _aMallarmé, Stéphane
700 1 _aValery, Paul
700 1 _aBreton, André
700 1 _aEliot, Thomas Stearns
700 1 _aPound, Ezra
700 1 _aPonge, Francis
700 1 _aMontale, Eugenio
700 1 _aBenn, Gottfried
700 1 _aThomas, Dylan Marlais
700 1 _aStevens, Wallace
700 1 _aPavese, Cesare
700 1 _aLevertov, Denise
942 _cBK
998 _cLaura
999 _c18833
_d18833